10 Asukasluvultaan Suomen Pienintä Kuntaa - Statistics

Yleistilastot
  • Tätä visaa on pelattu 461 kertaa
  • Keskiarvotulos 6 / 10
Vastaustilastot
Asukasluku Kunta % Oikein
93 Sottunga
80%
453 Brändö
72%
237 Kökar
71%
530 Föglö
70%
500 Geta
70%
390 Lumparland
70%
314 Kumlinge
68%
430 Vårdö
66%
723 Luhanka
49%
771 Lestijärvi
28%
Ehtoja vastaavia visoja ei löytynyt
Tulosjakauma
Jokaisen tuloksen saaneiden osuus
Persentiili vastausten määrän mukaan
Tuloshistoriasi
Et ole pelannut tätä visaa